Sports Quiz

Random Sports or Clickable Quiz
Score 0/53 Timer 08:00
0 Plays Today
% Correct
Dak
94.5%
Le'Veon
94.2%
Baker
93.9%
Aqib
93.8%
JuJu
93.4%
Ndamukong
93.4%
Saquon
93.2%
Amari
93%
Alshon
92.8%
Carson
92.4%
Jacoby
91.3%
Tyrod
91.2%
Dont'a
91%
Leonard
91%
Stefon
91%
Gardner
90.7%
Nick
90%
Jason
89.8%
Tyrann
89.6%
Devonta
89.2%
Richie
88.9%
Cooper
88.8%
Demaryius
88.4%
Sony
87.6%
Prince
86.7%
Kiko
86.5%
Minkah
86.5%
% Correct
Eli
86.1%
Cole
85.7%
Mason
85.7%
Jamison
84.8%
Giovani
84.1%
Laremy
81.8%
Dede
81.4%
Desmond
80.7%
Kerryon
80.6%
Theo
78.3%
Marquez
77.2%
Bilal
75.9%
Jake
74.1%
Mecole
74%
Whitney
72.5%
Cairo
72.4%
Ka'imi
71.1%
Wendell
71%
Zay
70.7%
Grady
69.9%
Ito
67.8%
Pernell
63.9%
Darqueze
61.7%
Takkarist
57.1%
Quinton
48.3%
Brynden
41%
Remove Ads.
Support Sporcle.
Get the best of Sporcle when you Go Orange. This ad-free experience offers more features, more stats, and more fun while also helping to support Sporcle. Thank you for becoming a member.

You're not logged in!

Compare scores with friends on all Sporcle quizzes.
OR
Log In

Show Comments

Extras

Top Quizzes Today


Score Distribution

Your Account Isn't Verified!

In order to create a playlist on Sporcle, you need to verify the email address you used during registration. Go to your Sporcle Settings to finish the process.

Report this User

Report this user for behavior that violates our Community Guidelines.

Details: